Modelos para estudiantes de composición: ejemplos musicales, guía y glosario

Guardat en:
Dades bibliogràfiques
Autor principal: Schönberg, Arnold (Autor)
Format: Llibre
Idioma:espanyol
Publicat: Buenos Aires Ricordi 2005
Matèries:
Etiquetes: Afegir etiqueta
Sense etiquetes, Sigues el primer a etiquetar aquest registre!

MARC

LEADER 00000nam a2200000 a 4500
001 UCI3256
003 CL-VaPUC
008 071019e20050000AG |||||||||||||||||spa|d
020 |a 9502204808 
082 0 4 |a 781.3  |b SCH  |2 21 
100 0 |a Schönberg, Arnold  |e author  |9 524648 
245 1 0 |a Modelos para estudiantes de composición: ejemplos musicales, guía y glosario 
300 |a 45 p 
942 |c BK 
945 |d 20071019 00:00:00  |a jtorresc 
260 |a Buenos Aires  |b Ricordi  |c 2005 
650 0 |a Composición musical  |9 306660 
583 |a last modification  |c 20071019 00:00:00  |k Rodrigo Vera 
999 |c 327571  |d 327569 
952 |0 0  |1 0  |4 0  |6 781_300000000000000_SCH_2005  |7 0  |8 A  |9 410581  |a BIBEDU  |b BIBEDU  |d 2019-11-22  |i 4381432  |o 781.3 SCH 2005  |p 4381432  |r 2023-01-12  |w 2019-11-22  |y BK  |k MUS